Corporate Name Changes Quiz Stats

 Plays Quiz not verified by Sporcle

Score 0/10 Timer 03:00
0 Plays Today
Sector Company % Correct
ConsultingAccenture
52.9%
Private SecurityXe
47.1%
TelecommunicationsXfinity
35.3%
Consumer GoodsAltria
35.3%
EntertainmentWWE
29.4%
EntertainmentSpike TV
29.4%
Government ServicesConsignia
23.5%
EntertainmentSyFy
17.6%
TravelAirTran Airways
17.6%
Real EstateWillis Tower
11.8%

You're not logged in!

Compare scores with friends on all Sporcle quizzes.
OR
Log In

Sporcle TV

Today on Sporcle TV


Watch our educational content, quiz creation guides, and fun videos on Sporcle TV.

Show Comments

Extras

Top Quizzes Today


Score Distribution

Your Account Isn't Verified!

In order to create a playlist on Sporcle, you need to verify the email address you used during registration. Go to your Sporcle Settings to finish the process.

Report this User

Report this user for behavior that violates our Community Guidelines.

Details: